书目信息 |
| 题名: |
英国《金融时报》CEO战备决策经典案例
|
|
| 作者: | 威克姆 , WickhambPhilip 著 ;赵保国 , 郭钦 译 | |
| 分册: | ||
| 出版信息: | 北京 中国商业出版社 2001.11 |
|
| 页数: | 419页 | |
| 开本: | 25cm | |
| 丛书名: | ||
| 单 册: | ||
| 中图分类: | F276.6 | |
| 科图分类: | ||
| 主题词: | 公司--企业管理--案例 , 公司--经济发展战略--案例 | |
| 电子资源: | ||
| ISBN: | 7-5044-4470-7 | |
| 000 | 01072nam0 2200265 45 | |
| 005 | 20041206153009.57 | |
| 010 | @a7-5044-4470-7@dCNY 25.00 | |
| 100 | @a20021010e2001 ekmy0chiy0121 ea | |
| 101 | 1 | @achi@ceng |
| 102 | @aCN@b110000 | |
| 105 | @aa z 000yy | |
| 200 | 1 | @a英国《金融时报》CEO战备决策经典案例@Aying guo jin rong shi bao CEO zhan lue jue ce jing dian an li@dFinancial times chief executive officer strategy decision@f(英)威克姆(Philip Wickham)著@g赵保国,郭钦译@zeng |
| 210 | @a北京@c中国商业出版社@d2001.11@h2003.12第2次印刷 | |
| 215 | @a419页@c图@d25cm | |
| 330 | @a本书共二十二章:公司战略的实质,战略理论与实践,企业的环境分析,市场和竞争对手分析,顾客分析等。 | |
| 510 | 1 | @aFinancial times chief executive officer strategy decision@zeng |
| 606 | 0 | @a公司@x企业管理@x案例 |
| 606 | 0 | @a公司@x经济发展战略@x案例 |
| 690 | @aF276.6@v4 | |
| 701 | 1 | @a威克姆@Awei ke mu@4著 |
| 701 | A1 | @aWickhambPhilip@4著 |
| 702 | 0 | @a赵保国@Azhao bao guo@4译 |
| 702 | 0 | @a郭钦@Aguo qin@4译 |
| 801 | 0 | @aCN@bQSSKf@c20041206 |
| 905 | @a10447@dF276.6@eW498 | |
| 英国《金融时报》CEO战备决策经典案例=Financial times chief executive officer strategy decision/(英)威克姆(Philip Wickham)著/赵保国,郭钦译.-北京:中国商业出版社,2001.11(2003.12第2次印刷) |
| 419页:图;25cm |
| ISBN 7-5044-4470-7:CNY 25.00 |
| 本书共二十二章:公司战略的实质,战略理论与实践,企业的环境分析,市场和竞争对手分析,顾客分析等。 |
| ● |
| 相关链接 |
|
|
|
正题名:英国《金融时报》CEO战备决策经典案例
索取号:F276.6/W498
 
预约/预借
| 序号 | 登录号 | 条形码 | 馆藏地/架位号 | 状态 | 备注 |
| 1 | 430675 | 204306759 | 社科库409/409社科库 96排3列2层/ [索取号:F276.6/W498] | 在馆 | |
| 2 | 430676 | 204306768 | 社科二线422/409社科库 96排3列2层/ [索取号:F276.6/W498] | 在馆 | |
| 3 | 430677 | 204306777 | 社科二线422/409社科库 96排3列2层/ [索取号:F276.6/W498] | 在馆 |